000049823 001__ 49823
000049823 005__ 20230317220949.0
000049823 0247_ $$2doi$$a10.1016/0029-554X(76)90678-9
000049823 0247_ $$2ISSN$$a0029-554X
000049823 0247_ $$2ISSN$$a0029-554x
000049823 0247_ $$2ISSN$$a1878-3759
000049823 037__ $$aGSI-2013-01450
000049823 041__ $$aEnglish
000049823 082__ $$a530
000049823 1001_ $$0P:(DE-HGF)0$$aEwald, H.$$b0$$eCorresponding author
000049823 245__ $$aReport on the heavy ion separator SIS at the GSI
000049823 260__ $$aAmsterdam$$bElsevier22361$$c1976
000049823 3367_ $$0PUB:(DE-HGF)16$$2PUB:(DE-HGF)$$aJournal Article$$bjournal$$mjournal$$s1365425460_1977
000049823 3367_ $$2DRIVER$$aarticle
000049823 3367_ $$2BibTeX$$aARTICLE
000049823 3367_ $$00$$2EndNote$$aJournal Article
000049823 536__ $$0G:(DE-HGF)POF2-899$$a899 - ohne Topic (POF2-899)$$cPOF2-899$$fPOF I$$x0
000049823 588__ $$aDataset connected to CrossRef, repository.gsi.de
000049823 7001_ $$0P:(DE-HGF)0$$aGüttner, K.$$b1
000049823 7001_ $$0P:(DE-Ds200)BUDP1-0212$$aMünzenberg, G.$$b2$$ugsi
000049823 7001_ $$0P:(DE-Ds200)OR0036$$aArmbruster, P.$$b3$$ugsi
000049823 7001_ $$0P:(DE-HGF)0$$aFaust, W.$$b4
000049823 7001_ $$0P:(DE-Ds200)OR0487$$aHofmann, S.$$b5$$ugsi
000049823 7001_ $$0P:(DE-Ds200)OR1125$$aSchmidt, K.H.$$b6$$ugsi
000049823 7001_ $$0P:(DE-HGF)0$$aSchneider, W.$$b7
000049823 7001_ $$0P:(DE-HGF)0$$aValli, K.$$b8
000049823 773__ $$0PERI:(DE-600)2205646-4$$a10.1016/0029-554X(76)90678-9$$gVol. 139, p. 223 - 225$$p223 - 225$$tNuclear instruments & methods$$v139$$x0029-554X$$y1976
000049823 909CO $$ooai:repository.gsi.de:49823$$pVDB
000049823 9101_ $$0I:(DE-Ds200)20121206GSI$$6P:(DE-Ds200)BUDP1-0212$$aGSI Helmholtzzentrum für Schwerionenforschung GmbH$$b2$$kGSI
000049823 9101_ $$0I:(DE-Ds200)20121206GSI$$6P:(DE-Ds200)OR0036$$aGSI Helmholtzzentrum für Schwerionenforschung GmbH$$b3$$kGSI
000049823 9101_ $$0I:(DE-Ds200)20121206GSI$$6P:(DE-HGF)0$$aGSI Helmholtzzentrum für Schwerionenforschung GmbH$$b4$$kGSI
000049823 9101_ $$0I:(DE-Ds200)20121206GSI$$6P:(DE-Ds200)OR0487$$aGSI Helmholtzzentrum für Schwerionenforschung GmbH$$b5$$kGSI
000049823 9101_ $$0I:(DE-Ds200)20121206GSI$$6P:(DE-Ds200)OR1125$$aGSI Helmholtzzentrum für Schwerionenforschung GmbH$$b6$$kGSI
000049823 9101_ $$0I:(DE-Ds200)20121206GSI$$6P:(DE-HGF)0$$aGSI Helmholtzzentrum für Schwerionenforschung GmbH$$b7$$kGSI
000049823 9101_ $$0I:(DE-Ds200)20121206GSI$$6P:(DE-HGF)0$$aGSI Helmholtzzentrum für Schwerionenforschung GmbH$$b8$$kGSI
000049823 9131_ $$0G:(DE-HGF)POF2-899$$1G:(DE-HGF)POF2-890$$2G:(DE-HGF)POF2-800$$3G:(DE-HGF)POF2$$4G:(DE-HGF)POF$$aDE-HGF$$bProgrammungebundene Forschung$$lohne Programm$$vohne Topic$$x0
000049823 915__ $$0StatID:(DE-HGF)0040$$2StatID$$aPeer Review unknown
000049823 915__ $$0StatID:(DE-HGF)0200$$2StatID$$aDBCoverage$$bSCOPUS
000049823 915__ $$0StatID:(DE-HGF)0420$$2StatID$$aNationallizenz
000049823 920__ $$lyes
000049823 9201_ $$0I:(DE-Ds200)SHP-20080822OR107$$kSHP$$lSHE Physik$$x0
000049823 980__ $$ajournal
000049823 980__ $$aVDB
000049823 980__ $$aI:(DE-Ds200)20110830OR107
000049823 980__ $$aI:(DE-Ds200)SHP-20080822OR107
000049823 980__ $$aUNRESTRICTED